[Event "ITA-ch sf 81st"]
[Site "Acqui Terme"]
[Date "2022.06.18"]
[Round "8"]
[White "Garofalo, Simone"]
[Black "Gueci, Laura"]
[Result "1/2-1/2"]
[WhiteElo "2108"]
[BlackElo "1917"]
[PlyCount "62"]
[EventDate "2022.06.12"]
[EventType "swiss"]
[EventRounds "9"]
[EventCountry "ITA"]
[SourceTitle "CBM 208 Extra"]
[Source "ChessBase"]
[SourceDate "2022.07.31"]
[SourceVersion "1"]
[SourceVersionDate "2022.07.31"]
[SourceQuality "1"]

1. e4 c5 2. Nf3 g6 3. d4 cxd4 4. Qxd4 Nf6 5. e5 Nc6 6. Qa4 Nd5 7. Qe4 Nb6 8. Nc3 d5 9. exd6 Bf5 10. Qe2 Qxd6 11. Nb5 Qb8 12. Nbd4 Bg7 13. Nxf5 gxf5 14. g3 0-0 15. Bh3 e6 16. 0-0 Ne7 17. Bf4 Qc8 18. Be5 Bh6 19. b3 Ng6 20. Bb2 Nd5 21. Bg2 Nc3 22. Qd3 Bg7 23. Bxc3 Qxc3 24. Qxc3 Bxc3 25. Rad1 Rad8 26. h4 h6 27. Nh2 b6 28. Bf3 Ne5 29. Be2 Nc6 30. Rxd8 Rxd8 31. Rd1 Rxd1+ 1/2-1/2

[Event "ITA-ch blitz"]
[Site "Chianciano Terme"]
[Date "2018.04.01"]
[Round "3"]
[White "Sonis, Francesco"]
[Black "Gueci, Laura"]
[Result "1-0"]
[WhiteElo "2445"]
[BlackElo "2029"]
[PlyCount "177"]
[EventDate "2018.04.01"]
[EventType "swiss (blitz)"]
[EventRounds "11"]
[EventCountry "ITA"]
[SourceTitle "CBM 183 Extra"]
[Source "ChessBase"]
[SourceDate "2018.04.19"]
[SourceVersion "1"]
[SourceVersionDate "2018.04.19"]
[SourceQuality "1"]

1. Nf3 c5 2. e4 g6 3. d4 cxd4 4. Nxd4 Nc6 5. c4 Nf6 6. Nc3 Nxd4 7. Qxd4 d6 8. Be2 Bg7 9. 0-0 0-0 10. Qd2 a5 11. Rb1 a4 12. Qc2 Qa5 13. Bd2 Qc7 14. Rfc1 Be6 15. Qd3 Rfc8 16. Be3 Bxc4 17. Qd2 Bxe2 18. Qxe2 Qd7 19. Bd4 Ng4 20. Bxg7 Kxg7 21. Nd5 Rxc1+ 22. Rxc1 Rc8 23. Rd1 Rc5 24. Qd2 Nf6 25. Nxf6 exf6 26. f3 Qc8 27. Qxd6 Rc1 28. Qd4 Qc2 29. Rxc1 Qxc1+ 30. Kf2 Qc2+ 31. Kf1 Qc1+ 32. Ke2 Qc2+ 33. Qd2 Qc4+ 34. Kf2 Qxa2 35. Qc3 Qe6 36. Qb4 Qc6 37. g4 b6 38. Kg2 Qc2+ 39. Kg3 Qc7+ 40. Kg2 Qc2+ 41. Kg3 Qc7+ 42. Kh3 Qc6 43. Qd4 b5 44. g5 Qe6+ 45. Kg2 Qe5 46. gxf6+ Kxf6 47. Qd8+ Kg7 48. Qd2 Qc5 49. Qd1 h6 50. h4 Qc4 51. Kg3 h5 52. Qd6 Qe6 53. Qd4+ Qf6 54. Qd2 Qe5+ 55. Kg2 Qf6 56. Qb4 Qc6 57. Qd4+ Qf6 58. Qb4 Qc6 59. Qd2 Qc4 60. Kg3 b4 61. Qd6 b3 62. Qe5+ Kh7 63. Qe7 Qe6 64. Qc5 Qf6 65. e5 Qf5 66. Qa5 Qc2 67. Qa7 Kg7 68. e6 Qf5 69. e7 Qe5+ 70. Kh3 Qe6+ 71. Kg2 Qe2+ 72. Kg3 Qe5+ 73. f4 Qe1+ 74. Kf3 Qf1+ 75. Ke4 Qe2+ 76. Kd5 Qe6+ 77. Kd4 Qf6+ 78. Kd3 Qd6+ 79. Kc4 Qe6+ 80. Kb4 Qe4+ 81. Kc3 Qe1+ 82. Kc4 Qe2+ 83. Kb4 Qe1+ 84. Kxa4 Qa1+ 85. Kxb3 Qxa7 86. e8Q Qb7+ 87. Ka2 Qa6+ 88. Kb3 Qb5+ 89. Qxb5 1-0

[Event "ITA-chT (Women) 10th"]
[Site "Gallipoli"]
[Date "2017.04.29"]
[Round "4.1"]
[White "Santeramo, Alessia Carmen"]
[Black "Gueci, Laura"]
[Result "1-0"]
[WhiteElo "2019"]
[BlackElo "2020"]
[PlyCount "85"]
[EventDate "2017.04.28"]
[EventType "team-tourn"]
[EventRounds "7"]
[EventCountry "ITA"]
[SourceTitle "CBM 178 Extra"]
[Source "ChessBase"]
[SourceDate "2017.06.22"]
[SourceVersion "1"]
[SourceVersionDate "2017.06.22"]
[SourceQuality "1"]
[WhiteTeam "Pentole Agnelli (W)"]
[BlackTeam "Padova Obiettivo (W)"]
[WhiteTeamCountry "ITA"]
[BlackTeamCountry "ITA"]

1. e4 c5 2. Nf3 Nc6 3. Bb5 g6 4. Bxc6 bxc6 5. 0-0 Nf6 6. e5 Nd5 7. c4 Nc7 8. d4 cxd4 9. Qxd4 Bg7 10. Qh4 h6 11. Nc3 Ne6 12. Re1 Bb7 13. Be3 Qc7 14. Rad1 Nf8 15. Ne4 g5 16. Qg3 Ng6 17. Bd4 0-0 18. Nc5 Rac8 19. h4 f6 20. e6 d6 21. Nd7 c5 22. Nxf8 Rxf8 23. Bc3 Qc6 24. Rc1 Nf4 25. Re3 d5 26. hxg5 hxg5 27. cxd5 Qxd5 28. Rce1 Qf5 29. Rd1 Qc2 30. Rd2 Qf5 31. Rd7 Bxf3 32. Qxf3 Re8 33. g3 Nh3+ 34. Kg2 Qh7 35. Qg4 Nxf2 36. Kxf2 Qh2+ 37. Ke1 Bh6 38. Re2 Qh1+ 39. Kd2 f5 40. Qxf5 g4+ 41. Kc2 Qc1+ 42. Kb3 c4+ 43. Ka3 1-0

[Event "Montesilvano Adriatico op 10th"]
[Site "Montesilvano"]
[Date "2016.09.17"]
[Round "3"]
[White "Gueci, Laura"]
[Black "Napoli, Nicolo"]
[Result "1-0"]
[WhiteElo "1999"]
[BlackElo "2267"]
[PlyCount "79"]
[EventDate "2016.09.16"]
[EventType "swiss"]
[EventRounds "5"]
[EventCountry "ITA"]
[SourceTitle "CBM 174 Extra"]
[Source "ChessBase"]
[SourceDate "2016.10.10"]
[SourceVersion "1"]
[SourceVersionDate "2016.10.10"]
[SourceQuality "1"]

1. c4 Nf6 2. g3 c6 3. Nf3 d5 4. Bg2 e6 5. b3 Nbd7 6. 0-0 Be7 7. Bb2 0-0 8. d3 a5 9. a3 b5 10. Nbd2 Rb8 11. Qc2 Ba6 12. cxb5 cxb5 13. Rac1 Bc5 14. Qb1 Qe7 15. Qa1 Rfc8 16. b4 Bb6 17. bxa5 Bxa5 18. Nb3 Bb6 19. Bc3 Nc5 20. Qa2 Qa7 21. Nxc5 Bxc5 22. Qb2 Qe7 23. Bb4 Nd7 24. Nd4 e5 25. Nf5 Qf6 26. Ne3 Bxe3 27. fxe3 Qb6 28. Qd2 Nf6 29. Bh3 Re8 30. Bc5 Qd8 31. Qb4 h5 32. Bd6 Rb7 33. Rc8 Qxc8 34. Bxc8 Rxc8 35. Bxe5 Ng4 36. Bf4 Re8 37. Qd6 Re6 38. Qxd5 b4 39. axb4 Rxb4 40. Qxh5 1-0

[Event "ITA-ch (Women)"]
[Site "Perugia"]
[Date "2016.07.23"]
[Round "?"]
[White "Movileanu, Daniela"]
[Black "Gueci, Laura"]
[Result "1-0"]
[WhiteElo "2245"]
[BlackElo "1946"]
[PlyCount "121"]
[EventDate "2016.07.18"]
[EventType "tourn"]
[EventRounds "7"]
[EventCountry "ITA"]
[SourceTitle "EXT 2024"]
[Source "ChessBase"]
[SourceDate "2023.10.10"]
[SourceVersion "1"]
[SourceVersionDate "2023.10.10"]
[SourceQuality "1"]

1. e4 c5 2. Nf3 g6 3. Bc4 Bg7 4. c3 Nc6 5. d4 cxd4 6. cxd4 Nf6 7. Nc3 d6 8. 0-0 Bg4 9. Be3 0-0 10. h3 Bxf3 11. Qxf3 Rc8 12. Bb3 Na5 13. Bc2 b5 14. Bd3 a6 15. Rfd1 Nc4 16. Bc1 Qc7 17. Ne2 Qb7 18. b3 Na5 19. Bd2 Nc6 20. Rac1 Rc7 21. Qe3 Rfc8 22. f4 e6 23. Kh1 Qb6 24. Qf2 Qb7 25. Rf1 d5 26. e5 Ne4 27. Bxe4 dxe4 28. Ng3 Ne7 29. Rxc7 Rxc7 30. Ba5 Rc8 31. Bb4 Nd5 32. Bc5 f5 33. exf6 Nxf6 34. Re1 Qd5 35. Qe3 Rd8 36. Nxe4 Nxe4 37. Qxe4 Qxe4 38. Rxe4 Kf7 39. Kg1 Rd5 40. Kf2 Bf6 41. g4 h6 42. Ke3 g5 43. Bb6 Rd7 44. fxg5 hxg5 45. Kd3 e5 46. Ke3 exd4+ 47. Bxd4 Bxd4+ 48. Rxd4 Re7+ 49. Re4 Rd7 50. Re5 Kf6 51. Rf5+ Kg6 52. Rc5 Rd6 53. Ke4 Re6+ 54. Kd5 Re3 55. Rc6+ Kf7 56. Rxa6 Rxh3 57. Ke4 Rc3 58. Rb6 Rc2 59. Rxb5 Rxa2 60. Rxg5 Re2+ 61. Kd4 1-0

[Event "EU-Cup (Women) 20th"]
[Site "Skopje"]
[Date "2015.10.24"]
[Round "7.3"]
[White "Gueci, Laura"]
[Black "Girya, Olga"]
[Result "0-1"]
[WhiteElo "2023"]
[BlackElo "2464"]
[PlyCount "78"]
[EventDate "2015.10.18"]
[EventType "team-swiss"]
[EventRounds "7"]
[EventCountry "MKD"]
[SourceTitle "CBM 168 Extra"]
[Source "ChessBase"]
[SourceDate "2015.10.29"]
[SourceVersion "1"]
[SourceVersionDate "2015.10.29"]
[SourceQuality "1"]
[WhiteTeam "Chieti Fischer (W)"]
[BlackTeam "SHSM Legacy (W)"]
[WhiteTeamCountry "ITA"]
[BlackTeamCountry "RUS"]

1. c4 e5 2. g3 Nf6 3. Bg2 Nc6 4. Nc3 Bb4 5. Nd5 Bc5 6. e3 0-0 7. Ne2 d6 8. d4 Bb6 9. h3 Re8 10. 0-0 h6 11. Nxf6+ Qxf6 12. d5 Ne7 13. Bd2 Qg6 14. Rc1 a5 15. Qc2 Bf5 16. e4 Bd7 17. Kh2 f5 18. f4 fxe4 19. fxe5 dxe5 20. c5 Ba7 21. Bxa5 b6 22. Bc3 bxc5 23. Qxe4 Qxe4 24. Bxe4 Bb5 25. Rf2 Rad8 26. Bxe5 Nxd5 27. Bxd5+ Rxd5 28. Nc3 c4 29. Nxd5 Bxf2 30. Bxc7 Re2 31. Nc3 Rxb2 32. Rb1 Rxb1 33. Nxb1 Bd4 34. Ba5 Bc6 35. Bc3 Bc5 36. Nd2 Bd5 37. a4 h5 38. h4 Kf7 39. g4 Bd6+ 0-1

[Event "EU-Cup (Women) 20th"]
[Site "Skopje"]
[Date "2015.10.18"]
[Round "1.4"]
[White "Gueci, Laura"]
[Black "Batsiashvili, Nino"]
[Result "0-1"]
[WhiteElo "2023"]
[BlackElo "2500"]
[PlyCount "64"]
[EventDate "2015.10.18"]
[EventType "team-swiss"]
[EventRounds "7"]
[EventCountry "MKD"]
[SourceTitle "CBM 168 Extra"]
[Source "ChessBase"]
[SourceDate "2015.10.29"]
[SourceVersion "1"]
[SourceVersionDate "2015.10.29"]
[SourceQuality "1"]
[WhiteTeam "Chieti Fischer (W)"]
[BlackTeam "Nona (W)"]
[WhiteTeamCountry "ITA"]
[BlackTeamCountry "GEO"]

1. c4 f5 2. g3 Nf6 3. Bg2 g6 4. Nc3 Bg7 5. d3 0-0 6. e4 fxe4 7. dxe4 d6 8. Nge2 c5 9. 0-0 Nc6 10. h3 e5 11. Be3 Be6 12. b3 Nd4 13. f4 Qd7 14. Kh2 Rae8 15. fxe5 dxe5 16. Nd5 Nh5 17. Qd2 Rf7 18. Rxf7 Qxf7 19. Ng1 Nf6 20. Bg5 Nxd5 21. cxd5 Bc8 22. Rf1 Qc7 23. Bh6 Qd6 24. h4 b6 25. Bh3 Bxh3 26. Nxh3 Rf8 27. Bxg7 Rxf1 28. Kg2 Rf7 29. Bh6 Qf6 30. Qe1 Qf3+ 31. Kh2 Qg4 32. Ng5 Qxg5 0-1

[Event "EU-ch U18 Girls 25th"]
[Site "Porec"]
[Date "2015.09.27"]
[Round "6"]
[White "Drogovoz, Maria"]
[Black "Gueci, Laura"]
[Result "1-0"]
[WhiteElo "1924"]
[BlackElo "2023"]
[PlyCount "59"]
[EventDate "2015.09.21"]
[EventType "swiss"]
[EventRounds "9"]
[EventCountry "CRO"]
[SourceTitle "EXT 2016"]
[Source "ChessBase"]
[SourceDate "2015.10.08"]
[SourceVersion "1"]
[SourceVersionDate "2015.10.08"]
[SourceQuality "1"]

1. e4 c5 2. Nf3 g6 3. d4 cxd4 4. Qxd4 Nf6 5. Nc3 Nc6 6. Qa4 d6 7. e5 dxe5 8. Nxe5 Qd4 9. Nxc6 Qxa4 10. Nxa4 bxc6 11. Bc4 Bg7 12. Bd2 0-0 13. 0-0-0 Ne4 14. Be3 Nd6 15. Bb3 Ba6 16. Rhe1 Bb5 17. Bc5 Bxa4 18. Bxa4 Nc4 19. c3 Rab8 20. Bb3 Bh6+ 21. Kc2 Na5 22. Bxe7 Rfe8 23. Ba4 Nc4 24. b3 Rxe7 25. Rxe7 Na3+ 26. Kd3 Nb5 27. Bxb5 cxb5 28. Rxa7 Rd8+ 29. Kc2 Re8 30. Rad7 1-0

[Event "EU-ch U18 Girls 25th"]
[Site "Porec"]
[Date "2015.09.22"]
[Round "2"]
[White "Blagojevic, Tijana"]
[Black "Gueci, Laura"]
[Result "1-0"]
[WhiteElo "2307"]
[BlackElo "2023"]
[PlyCount "53"]
[EventDate "2015.09.21"]
[EventType "swiss"]
[EventRounds "9"]
[EventCountry "CRO"]
[SourceTitle "EXT 2016"]
[Source "ChessBase"]
[SourceDate "2015.10.08"]
[SourceVersion "1"]
[SourceVersionDate "2015.10.08"]
[SourceQuality "1"]

1. e4 c5 2. Nf3 g6 3. d4 cxd4 4. Nxd4 Nc6 5. Nb3 Nf6 6. Nc3 Bg7 7. Be2 0-0 8. 0-0 d6 9. Bg5 Be6 10. Kh1 Rc8 11. f4 Na5 12. f5 Bc4 13. Bd3 b5 14. a3 Qb6 15. Bh4 a6 16. Bf2 Qc7 17. Nd4 Qb7 18. Qe2 Nc6 19. Nxc6 Rxc6 20. Bd4 e5 21. fxe6 fxe6 22. e5 Nd5 23. Rxf8+ Kxf8 24. Rf1+ Kg8 25. exd6 Nxc3 26. Bxc4 Bxd4 27. Qxe6+ 1-0

[Event "Terre degli Elimi op 6th"]
[Site "Erice"]
[Date "2015.08.02"]
[Round "7"]
[White "Santeramo, Alessia Carmen"]
[Black "Gueci, Laura"]
[Result "1/2-1/2"]
[WhiteElo "2085"]
[BlackElo "1990"]
[PlyCount "40"]
[EventDate "2015.07.28"]
[EventType "swiss"]
[EventRounds "9"]
[EventCountry "ITA"]
[SourceTitle "EXT 2017"]
[Source "ChessBase"]
[SourceDate "2016.10.25"]
[SourceVersion "1"]
[SourceVersionDate "2016.10.25"]
[SourceQuality "1"]

1. e4 c5 2. Nf3 g6 3. d4 cxd4 4. Qxd4 Nf6 5. e5 Nc6 6. Qa4 Nd5 7. Qb3 Nc7 8. Bc4 Ne6 9. Bxe6 dxe6 10. 0-0 Bg7 11. Bf4 Qa5 12. Qe3 Bd7 13. Nbd2 Nb4 14. Nb3 Qc7 15. Qd2 Nd5 16. Bh6 Bxe5 17. Nxe5 Qxe5 18. c4 Nb6 19. Rfe1 Qf6 20. Rad1 g5 1/2-1/2

[Event "ITA-ch (Women)"]
[Site "Giovinazzo"]
[Date "2015.07.20"]
[Round "3"]
[White "Gueci, Laura"]
[Black "Santeramo, Alessia Carmen"]
[Result "0-1"]
[WhiteElo "1990"]
[BlackElo "2085"]
[PlyCount "88"]
[EventDate "2015.07.19"]
[EventType "swiss"]
[EventRounds "9"]
[EventCountry "ITA"]
[SourceTitle "EXT 2024"]
[Source "ChessBase"]
[SourceDate "2023.10.10"]
[SourceVersion "1"]
[SourceVersionDate "2023.10.10"]
[SourceQuality "1"]

1. c4 Nf6 2. Nf3 c5 3. g3 d5 4. cxd5 Nxd5 5. Bg2 Nc6 6. Nc3 Nc7 7. 0-0 e5 8. d3 Be7 9. Be3 0-0 10. Na4 b6 11. Rc1 Be6 12. a3 Qd7 13. Qc2 Nb5 14. Nc3 Nbd4 15. Bxd4 exd4 16. Ne4 Bd5 17. Ned2 f5 18. e3 Bf6 19. Nc4 Rae8 20. Rfe1 dxe3 21. fxe3 Re7 22. e4 Nd4 23. Nxd4 Bxd4+ 24. Kh1 Bb7 25. Rf1 Ref7 26. Nd2 f4 27. gxf4 Rxf4 28. Nf3 Ba6 29. Rcd1 h6 30. Qb3+ Kh7 31. Nxd4 Qxd4 32. Rxf4 Rxf4 33. Qc3 Qd7 34. d4 cxd4 35. Rxd4 Qf7 36. Qe1 Bf1 37. Rd2 Bxg2+ 38. Kxg2 Rg4+ 39. Qg3 Rxg3+ 40. hxg3 Qc4 41. Kf3 Qf1+ 42. Ke3 Qe1+ 43. Re2 Qxg3+ 44. Kd4 Qd6+ 0-1

[Event "Terre degli Elimi op 5th"]
[Site "Erice"]
[Date "2014.07.23"]
[Round "6"]
[White "Gueci, Laura"]
[Black "Ravagnani, Tiziano"]
[Result "1-0"]
[WhiteElo "1968"]
[BlackElo "2006"]
[PlyCount "51"]
[EventDate "2014.07.19"]
[EventType "swiss"]
[EventRounds "9"]
[EventCountry "ITA"]
[SourceTitle "CBM 161 Extra"]
[Source "ChessBase"]
[SourceDate "2014.08.29"]
[SourceVersion "1"]
[SourceVersionDate "2014.08.29"]
[SourceQuality "1"]

1. c4 Nf6 2. Nc3 g6 3. g3 Bg7 4. Bg2 c5 5. a3 0-0 6. Rb1 e6 7. d3 d5 8. Bg5 h6 9. Bxf6 Bxf6 10. cxd5 Bxc3+ 11. bxc3 exd5 12. Nh3 Nc6 13. 0-0 Bxh3 14. Bxh3 Rb8 15. Bg2 Qd6 16. Qa4 a6 17. Rb6 Rfe8 18. Qb3 c4 19. dxc4 dxc4 20. Qxc4 Qxa3 21. Bxc6 bxc6 22. Rxc6 a5 23. Rxg6+ Kf8 24. Rxh6 Kg7 25. Rh4 Re6 26. Qd4+ 1-0

[Event "Terre degli Elimi op 5th"]
[Site "Erice"]
[Date "2014.07.20"]
[Round "2"]
[White "Gueci, Laura"]
[Black "Larsen, Karsten"]
[Result "0-1"]
[WhiteElo "1968"]
[BlackElo "2265"]
[PlyCount "72"]
[EventDate "2014.07.19"]
[EventType "swiss"]
[EventRounds "9"]
[EventCountry "ITA"]
[SourceTitle "CBM 161 Extra"]
[Source "ChessBase"]
[SourceDate "2014.08.29"]
[SourceVersion "1"]
[SourceVersionDate "2014.08.29"]
[SourceQuality "1"]

1. c4 e5 2. g3 Nf6 3. Bg2 c6 4. Nf3 d6 5. d3 Nbd7 6. 0-0 Be7 7. b3 0-0 8. Bb2 Re8 9. Nbd2 Bf8 10. Qc2 a5 11. a3 d5 12. e3 Bd6 13. Bc3 Qe7 14. Rfb1 b5 15. cxb5 cxb5 16. b4 a4 17. Nh4 g6 18. Re1 Bb7 19. Rac1 Rac8 20. Qb2 Rc7 21. Nb1 Rec8 22. Bd2 e4 23. Nc3 Ne5 24. Nxb5 Nxd3 25. Rxc7 Bxc7 26. Qb1 Nxe1 27. Qxe1 Be5 28. Nc3 Bc6 29. Bf1 Bd7 30. Ng2 g5 31. Be2 Qe6 32. f4 exf3 33. Bxf3 d4 34. Ne2 d3 35. Nc1 Qc4 36. e4 Bc3 0-1

[Event "Wch U20 Girls 31st"]
[Site "Kocaeli"]
[Date "2013.09.25"]
[Round "12"]
[White "Gueci, Laura"]
[Black "Soydan, Busra"]
[Result "1-0"]
[WhiteElo "1904"]
[BlackElo "1709"]
[PlyCount "73"]
[EventDate "2013.09.13"]
[EventType "swiss"]
[EventRounds "13"]
[EventCountry "TUR"]
[SourceTitle "CBM 156 Extra"]
[Source "ChessBase"]
[SourceDate "2013.10.22"]
[SourceVersion "1"]
[SourceVersionDate "2013.10.22"]
[SourceQuality "1"]

1. c4 e5 2. g3 Nc6 3. Bg2 f5 4. Nc3 Nf6 5. d3 Bc5 6. e3 0-0 7. Nge2 d6 8. 0-0 a5 9. a3 Ne7 10. d4 Ba7 11. Qc2 c6 12. b4 Be6 13. c5 Bb8 14. cxd6 Bxd6 15. dxe5 Bxe5 16. b5 cxb5 17. Rb1 Qc7 18. Nd4 Bxd4 19. exd4 Ned5 20. Qe2 Nxc3 21. Qxe6+ Kh8 22. Bf4 Qf7 23. Qxf7 Rxf7 24. Rb2 Nfd5 25. Bxd5 Nxd5 26. Rxb5 Nxf4 27. gxf4 Rd7 28. Rd1 g6 29. d5 Ra6 30. f3 Kg7 31. a4 Kf6 32. Kf2 Ke7 33. Ke3 Re6+ 34. Kd4 b6 35. Rd2 Red6 36. Rdb2 Rb7 37. Rxa5 1-0